000 00339pab a2200145 454500
008 180718b1985 xxu||||| |||| 00| 0 eng d
100 _aGupta, A.B.
245 _aCoal India management
_bFocus on decentralisation
260 _c1985
300 _a45-6
362 _a16 Sept.
650 _aCoal - India
773 _aCapital
909 _a5898
999 _c5898
_d5898